Central Library OPAC University of Rajshahi

The prince or somebody / (Record no. 19182)

MARC details
000 -LEADER
fixed length control field 00681nam a22002172a 4500
001 - CONTROL NUMBER
control field 19182
003 - CONTROL NUMBER IDENTIFIER
rucl marc code BD-RjUL
005 - DATE AND TIME OF LATEST TRANSACTION
control field 20211209000409.0
008 - FIXED-LENGTH DATA ELEMENTS--GENERAL INFORMATION
fixed length control field 140223s1929 enk 000 1 eng d
035 ## - SYSTEM CONTROL NUMBER
System control number OCLC ocm10389929 from D950905M
-- BD-RjUL
040 ## - CATALOGING SOURCE
Original cataloging agency BUF
Transcribing agency BUF
Modifying agency BD-RjUL
Language of cataloging eng
041 ## - LANGUAGE CODE
Language code of text/sound track or separate title eng
082 ## - DEWEY DECIMAL CLASSIFICATION NUMBER
Author mark and year GOP 1929
Edition number 823
100 1# - MAIN ENTRY--PERSONAL NAME
Personal name Golding, Louis,
Dates associated with a name 1895-1958.
9 (RLIN) 59016
245 14 - TITLE STATEMENT
Title The prince or somebody /
Statement of responsibility, etc. by Louis Golding
260 ## - PUBLICATION, DISTRIBUTION, ETC. (IMPRINT)
Place of publication, distribution, etc. NewYork :
Name of publisher, distributor, etc. Alfred A. Knopf,
Date of publication, distribution, etc. 1929.
300 ## - PHYSICAL DESCRIPTION
Pagination 265 p. ;
Size 20 cm
500 ## - GENERAL NOTE
General note Bound in blue-violet cloth over boards; stamped in brown-red on spine and rear cover
650 ## - SUBJECT ADDED ENTRY--TOPICAL TERM
Topical term or geographic name as entry element English fiction
9 (RLIN) 90522
942 ## - ADDED ENTRY ELEMENTS (KOHA)
Source of classification or shelving scheme Dewey Decimal Classification
Koha item type Books
Holdings
Lost status Source of classification or shelving scheme Damaged status Not for loan Collection code Permanent Location Current Location Shelving location Date acquired Source of acquisition Cost, normal purchase price Total Checkouts Full call number Date last seen Copy number Koha item type
  Dewey Decimal Classification     Fiction Central Library, University of Rajshahi Central Library, University of Rajshahi Reading Room 10/08/1965 U.S.I.S 0.00   823 GOP 1929 23/02/2014 C-1 Books